Principios de inmunología clínica / (Record no. 36162)
[ view plain ]
| 000 -CABECERA | |
|---|---|
| campo de control de longitud fija | 00729nam a2200205 a 4500 |
| 001 - NÚMERO DE CONTROL | |
| campo de control | 000036671 |
| 005 - FECHA Y HORA DE LA ÚLTIMA TRANSACCIÓN | |
| campo de control | 20200930075850.0 |
| 008 - DATOS DE LONGITUD FIJA--INFORMACIÓN GENERAL | |
| campo de control de longitud fija | 120124s1980 es a 000 0 spa d |
| 020 ## - NÚMERO INTERNACIONAL ESTÁNDAR DEL LIBRO | |
| Número Internacional Estándar del Libro | 8429155031 |
| 040 ## - FUENTE DE LA CATALOGACIÓN | |
| Centro catalogador/agencia de origen | DO-SdBNP |
| Lengua de catalogación | spa |
| Centro/agencia transcriptor | BNPHU |
| 100 1# - ENTRADA PRINCIPAL--NOMBRE DE PERSONA | |
| Nombre de persona | Alexander, J. Wesley |
| Fechas asociadas al nombre | 1934- |
| 9 (RLIN) | 62950 |
| 240 10 - TÍTULO UNIFORME | |
| Título uniforme | Fundamentals of cilinical immunology |
| Lenguaje de la obra | español |
| 245 10 - MENCIÓN DE TÍTULO | |
| Título | Principios de inmunología clínica / |
| Mención de responsabilidad, etc. | J. Wesley Alexander, Robert A. Good ;versión español por Rafael Echevarría Ramos. |
| 260 ## - PUBLICACIÓN, DISTRIBUCIÓN, ETC. | |
| Lugar de publicación, distribución, etc. | Barcelona : |
| Nombre del editor, distribuidor, etc. | Reverté, |
| Fecha de publicación, distribución, etc. | 1980. |
| 300 ## - DESCRIPCIÓN FÍSICA | |
| Extensión | XII, 418 p. : |
| Otras características físicas | il. ; |
| Dimensiones | 22 cm. |
| 500 ## - NOTA GENERAL | |
| Nota general | Incluye índice |
| 504 ## - NOTA DE BIBLIOGRAFÍA, ETC. | |
| Nota de bibliografía, etc. | Bibliografia: p. 399-408. |
| 700 12 - PUNTO DE ACCESO ADICIONAL--NOMBRE DE PERSONA | |
| Nombre de persona | Good, Robert A |
| 9 (RLIN) | 62951 |
| 700 12 - PUNTO DE ACCESO ADICIONAL--NOMBRE DE PERSONA | |
| Nombre de persona | Echevarría Ramos, Rafael |
| 9 (RLIN) | 62952 |
| Estado de retiro | Estado de pérdida | Restricciones de uso | No para préstamo | Código de colección | Localización permanente | Ubicación/localización actual | Ubicación en estantería | Fecha de adquisición | Número de inventario | Total de préstamos | Signatura topográfica completa | Código de barras | Fecha visto por última vez | Precio válido a partir de | Tipo de ítem Koha |
|---|---|---|---|---|---|---|---|---|---|---|---|---|---|---|---|
| Excluido de préstamo | Monografías: Libros y Folletos | General | General | En catalogación | 24.01.2012 | LF1 | 36671-10 | 25.06.2020 | 25.06.2020 | No se presta | |||||
| Monografías: Libros y Folletos | General | General | Orden iniciada | 24.01.2012 | LF1 | 36672-10 | 25.06.2020 | 25.06.2020 | No se presta |
